Loading...
| Fine Arts - Auditory | 6 | 10.00 | 1,433% | 0% | 283% |
| Fine Arts - Other | 3 | 10.00 | 0% | 367% | 200% |
| Fine Arts - Visual | 6 | 15.00 | 1,017% | 283% | 383% |
| Geography | 1 | 20.00 | 0% | 500% | 500% |
| History - American | 4 | 5.00 | 1,800% | 0% | 0% |
| History - European | 5 | 12.00 | 1,220% | 340% | 120% |
| History - Other | 6 | 13.33 | 1,433% | 283% | 200% |
| History - World | 5 | 16.00 | 1,720% | 320% | 220% |
| Literature - American | 4 | 10.00 | 900% | 125% | 275% |
| Literature - British | 4 | 12.50 | 1,525% | 125% | 275% |
| Literature - European | 4 | 7.50 | 625% | 125% | 125% |
| Literature - World | 4 | 10.00 | 1,250% | 125% | 125% |
| Mythology | 4 | 10.00 | 1,525% | 275% | 0% |
| Other Academic | 2 | 5.00 | 0% | 0% | 300% |
| Philosophy | 4 | 7.50 | 1,525% | 150% | 0% |
| Pop Culture | 3 | 20.00 | 1,200% | 600% | 400% |
| Religion | 7 | 11.43 | 871% | 171% | 314% |
| Science - Biology | 4 | 7.50 | 0% | 300% | 150% |
| Science - Chemistry | 3 | 13.33 | 3,600% | 0% | 200% |
| Science - Other | 4 | 17.50 | 1,525% | 425% | 275% |
| Science - Physics | 4 | 12.50 | 1,525% | 150% | 275% |
| Social Science | 2 | 15.00 | 1,250% | 550% | 0% |